| 000 | 00394pab a2200157 454500 | ||
|---|---|---|---|
| 008 | 180718b2005 xxu||||| |||| 00| 0 eng d | ||
| 100 | _aBorgas, George J. | ||
| 245 | _aThe labor-market impact of high-skill immigration | ||
| 260 | _c2005 | ||
| 300 | _ap.56-60. | ||
| 362 | _aMay | ||
| 650 | _aImmigration | ||
| 650 | _aLabour market | ||
| 773 | _aAmerican Economic Review | ||
| 909 | _a68067 | ||
| 999 |
_c68067 _d68067 |
||